000 00313nam a22001337a 4500
008 180928b xxu||||| |||| 00| 0 eng d
020 _a0070609268
041 _aeng
080 _22nd
_a311
100 _a55
101 _aSTA
245 _aPrinciples and Procedures of Statistics
_cSteel, R.G.D
942 _2udc
_cBK
999 _c48663
_d48663